[Event "Centrocoop Sept op-A"]
[Site "Eforie Nord"]
[Date "1998.??.??"]
[Round "?"]
[White "Navrotescu , Catalin"]
[Black "Ghinda, Mihail Viorel"]
[Result "1/2-1/2"]
[WhiteElo "2440"]
[BlackElo "2475"]
[PlyCount "60"]
[EventDate "1998.09.??"]
[EventType "swiss"]
[EventRounds "11"]
[EventCountry "ROM"]

1. d4 Nf6 2. c4 g6 3. g3 Bg7 4. Bg2 O-O 5. Nc3 d6 6. Nf3 Nc6 7. O-O Rb8 8. Re1
Re8 9. h3 a6 10. e4 e5 11. d5 Nd4 12. Be3 Nxf3+ 13. Qxf3 c5 14. dxc6 bxc6 15.
Qe2 Nd7 16. Rad1 Qc7 17. Qd2 Bf8 18. f4 Nc5 19. f5 gxf5 20. Bxc5 dxc5 21. Qg5+
Bg7 22. b3 f4 23. gxf4 h6 24. Qh5 exf4 25. e5 Rxe5 26. Rxe5 Qxe5 27. Rd8+ Kh7
28. Be4+ f5 29. Rxc8 fxe4 30. Qxe5 Bxe5 1/2-1/2

[Event "Centrocoop Sept op-A"]
[Site "Eforie Nord"]
[Date "1998.??.??"]
[Round "?"]
[White "Navrotescu , Catalin"]
[Black "Pozin, Sergey"]
[Result "1/2-1/2"]
[WhiteElo "2440"]
[BlackElo "2390"]
[PlyCount "150"]
[EventDate "1998.09.??"]
[EventType "swiss"]
[EventRounds "11"]
[EventCountry "ROM"]

1. d4 Nf6 2. c4 g6 3. Nc3 Bg7 4. e4 d6 5. h3 O-O 6. Bg5 c6 7. Nf3 e5 8. d5 Na6
9. Nd2 Qb6 10. a3 Bd7 11. Be3 Qc7 12. g4 Rfc8 13. Be2 cxd5 14. cxd5 Nc5 15. f3
b5 16. O-O Qb7 17. b4 Nd3 18. Bxd3 Rxc3 19. Nb3 Nxd5 20. exd5 Qxd5 21. Nc1 f5
22. Bd2 Rxd3 23. Nxd3 Qxd3 24. Bg5 Qxd1 25. Rfxd1 Bf8 26. Rac1 Kf7 27. Rc7 Ke6
28. Be3 a5 29. Bd2 axb4 30. Bxb4 Ra6 31. Kf2 Be7 32. Ke2 Bd8 33. Rb7 Rc6 34.
Rd3 Bg5 35. Rc3 Rxc3 36. Bxc3 Bc1 37. Bb4 e4 38. gxf5+ gxf5 39. fxe4 fxe4 40.
h4 h5 41. Rb6 Bf4 42. Rb7 d5 43. Bc3 Bd6 44. Rb6 Ke7 45. Bf6+ Kxf6 46. Rxd6+
Be6 47. Ke3 Ke5 48. Rd8 Bf7 49. Rd7 Bg8 50. Rd8 Be6 51. Re8 d4+ 52. Kf2 Kd5 53.
Kg3 Bg4 54. Kf2 e3+ 55. Ke1 Kc4 56. Re5 Bf3 57. Rf5 Bc6 58. Ke2 Bd7 59. Re5 Bh3
60. Kd1 b4 61. axb4 Bg4+ 62. Ke1 Kxb4 63. Re7 Kc3 64. Rc7+ Kd3 65. Re7 Bf3 66.
Re8 Bd5 67. Re5 Bc4 68. Rxh5 Ke4 69. Rh8 d3 70. Rd8 Bd5 71. h5 d2+ 72. Ke2 Bc4+
73. Kd1 Bb3+ 74. Ke2 Bc4+ 75. Kd1 Bf7 1/2-1/2

[Event "Centrocoop Sept op-A"]
[Site "Eforie Nord"]
[Date "1998.??.??"]
[Round "?"]
[White "Navrotescu , Catalin"]
[Black "Puskas, Janos"]
[Result "1-0"]
[WhiteElo "2440"]
[BlackElo "2100"]
[PlyCount "47"]
[EventDate "1998.09.??"]
[EventType "swiss"]
[EventRounds "11"]
[EventCountry "ROM"]

1. d4 d6 2. e4 g6 3. c4 Bg7 4. Nc3 Nf6 5. f3 O-O 6. Bg5 c5 7. d5 e6 8. Qd2 exd5
9. cxd5 a6 10. a4 a5 11. Nge2 Na6 12. Ng3 Nb4 13. Bc4 h6 14. Be3 Nd7 15. f4 Kh7
16. O-O Nf6 17. h3 Nh5 18. Nxh5 gxh5 19. e5 Bf5 20. Nb5 Rg8 21. Nxd6 Qd7 22.
Bxc5 Bxh3 23. Bb5 Qg4 24. Bd3+ 1-0

[Event "Centrocoop Sept op-A"]
[Site "Eforie Nord"]
[Date "1998.??.??"]
[Round "?"]
[White "Sanduleac, Vasile"]
[Black "Navrotescu , Catalin"]
[Result "1/2-1/2"]
[WhiteElo "2460"]
[BlackElo "2440"]
[PlyCount "107"]
[EventDate "1998.09.??"]
[EventType "swiss"]
[EventRounds "11"]
[EventCountry "ROM"]

1. e4 c5 2. Nf3 d6 3. d4 Nf6 4. Nc3 cxd4 5. Qxd4 a6 6. Nd5 Nc6 7. Nxf6+ gxf6 8.
Qd2 Rg8 9. g3 f5 10. Bd3 fxe4 11. Bxe4 f5 12. Bd5 e6 13. Bb3 Qf6 14. O-O Bd7
15. Qe2 O-O-O 16. c3 Re8 17. Nd4 d5 18. Rd1 f4 19. Kh1 Bc5 20. Nf3 Bd6 21. Bxf4
Bxf4 22. gxf4 Qxf4 23. Rg1 Rgf8 24. Rg3 Re7 25. Rag1 Be8 26. Qe3 Bg6 27. Bd1
Be4 28. Rg8 Ref7 29. Rxf8+ Rxf8 30. Rg8 Qf7 31. Rxf8+ Qxf8 32. Kg2 Qg7+ 33. Kf1
Qf6 34. Ke1 Kc7 35. Be2 e5 36. Nd2 Bg6 37. Qg3 Kb6 38. Bf3 Qd6 39. Qg5 Ka7 40.
Qh6 Qe6 41. Qf8 e4 42. Be2 d4 43. cxd4 Nxd4 44. Qc5+ Qb6 45. Qxb6+ Kxb6 46.
Nc4+ Kc5 47. Ne3 Nf3+ 48. Bxf3 exf3 49. Kd2 Kd4 50. a3 h5 51. Nd1 Bd3 52. Ne3
Be4 53. Nf1 Bg6 54. Ne3 1/2-1/2

[Event "ROM-chT"]
[Site "Eforie Nord"]
[Date "1997.??.??"]
[Round "?"]
[White "Navrotescu , Catalin"]
[Black "Ambrus, Endre"]
[Result "1-0"]
[WhiteElo "2425"]
[BlackElo "2240"]
[PlyCount "59"]
[EventDate "1997.09.??"]
[EventType "team"]
[EventRounds "9"]
[EventCountry "ROM"]

1. d4 Nf6 2. c4 g6 3. g3 Bg7 4. Bg2 O-O 5. Nf3 c5 6. d5 b5 7. cxb5 d6 8. Nc3 a6
9. bxa6 Nxa6 10. O-O Qa5 11. Bd2 Qb6 12. Bc1 Nc7 13. Nd2 Ba6 14. Qc2 Rfb8 15.
Rd1 Nb5 16. e3 Qb7 17. Rb1 Nd7 18. a4 Nc7 19. b3 Qb4 20. Bb2 Ne5 21. Na2 Qb7
22. Nc1 Ra7 23. e4 Qb6 24. h3 Bc8 25. Bxe5 dxe5 26. Nc4 Qf6 27. Nd3 Na6 28.
Ncxe5 Rc7 29. Nc6 Nb4 30. Ndxb4 1-0

[Event "ROM-chT"]
[Site "Eforie Nord"]
[Date "1997.??.??"]
[Round "?"]
[White "Navrotescu , Catalin"]
[Black "Lazar, Iosif"]
[Result "1-0"]
[WhiteElo "2425"]
[BlackElo "2220"]
[PlyCount "85"]
[EventDate "1997.09.??"]
[EventType "team"]
[EventRounds "9"]
[EventCountry "ROM"]

1. d4 d5 2. c4 e6 3. Nc3 Nf6 4. Nf3 b6 5. cxd5 exd5 6. g3 Be7 7. Qa4+ c6 8. Bg2
O-O 9. O-O Bb7 10. Ne5 Nfd7 11. Rd1 Nxe5 12. dxe5 Nd7 13. f4 f6 14. e4 d4 15.
exf6 gxf6 16. Rxd4 Bc5 17. Ne2 Bxd4+ 18. Nxd4 Nc5 19. Qc4+ Kh8 20. Be3 Qe8 21.
Nf5 Qe6 22. Qc2 Na6 23. a3 c5 24. Re1 Rad8 25. g4 Nb8 26. Qc3 Nc6 27. g5 Ne7
28. Ng3 Ba8 29. Nh5 Ng8 30. gxf6 Nxf6 31. f5 Qf7 32. Bg5 Rd6 33. Nxf6 Rxf6 34.
Bxf6+ Qxf6 35. Qxf6+ Rxf6 36. e5 Rf8 37. Bxa8 Rxa8 38. f6 Kg8 39. e6 Kf8 40.
Kf2 Rc8 41. Kf3 c4 42. Kf4 Ke8 43. Rg1 1-0

[Event "ROM-chT"]
[Site "Eforie Nord"]
[Date "1997.??.??"]
[Round "?"]
[White "Navrotescu , Catalin"]
[Black "Tugui, Adrian"]
[Result "1/2-1/2"]
[WhiteElo "2425"]
[BlackElo "2295"]
[PlyCount "72"]
[EventDate "1997.09.??"]
[EventType "team"]
[EventRounds "9"]
[EventCountry "ROM"]

1. d4 Nf6 2. c4 c5 3. d5 e6 4. Nc3 exd5 5. cxd5 d6 6. Nf3 g6 7. g3 Bg7 8. Bg2
O-O 9. O-O Na6 10. Nd2 Nc7 11. Nc4 Nh5 12. a4 b6 13. e4 Ba6 14. Qd3 f5 15. exf5
gxf5 16. b3 Qf6 17. Bb2 f4 18. Nb5 Qd8 19. Be4 Nxb5 20. axb5 Bxb5 21. Bxh7+ Kh8
22. Bxg7+ Nxg7 23. Be4 Qf6 24. gxf4 Bd7 25. Kh1 Qxf4 26. Rg1 b5 27. Ne3 Rf6 28.
f3 Rh6 29. Rg2 Bh3 30. Rga2 Nh5 31. Qc3+ Nf6 32. Ng2 Qg5 33. Rg1 Rg8 34. f4 Qh5
35. Ne1 Rxg1+ 36. Kxg1 Kg8 1/2-1/2

[Event "ROM-chT"]
[Site "Eforie Nord"]
[Date "1997.??.??"]
[Round "?"]
[White "Nisipeanu, Liviu Dieter"]
[Black "Navrotescu , Catalin"]
[Result "1-0"]
[WhiteElo "2600"]
[BlackElo "2425"]
[PlyCount "83"]
[EventDate "1997.09.??"]
[EventType "team"]
[EventRounds "9"]
[EventCountry "ROM"]

1. e4 c5 2. Nf3 d6 3. d4 cxd4 4. Nxd4 Nf6 5. Nc3 a6 6. Be3 e5 7. Nf3 Qc7 8. a4
Be7 9. a5 Nbd7 10. Nd2 b5 11. axb6 Nxb6 12. Bxb6 Qxb6 13. Nc4 Qc7 14. Ne3 Bb7
15. Ncd5 Nxd5 16. Nxd5 Bxd5 17. Qxd5 O-O 18. Bc4 Qc5 19. Qxc5 dxc5 20. Ke2 a5
21. b3 Ra7 22. Ra4 Rb8 23. c3 Bd8 24. Rd1 Kf8 25. Rd5 Rc8 26. Ra2 f6 27. Rd6
Rb8 28. g3 Be7 29. Rd1 Bd8 30. Rd6 Be7 31. Rc6 Rba8 32. Ra4 Rb8 33. Be6 Rd8 34.
Rb6 Rd6 35. Rb8+ Bd8 36. Bd5 f5 37. Rc4 Ke7 38. Rxc5 a4 39. bxa4 Rxa4 40. exf5
Rb6 41. Rxb6 Bxb6 42. Rc6 1-0

[Event "ROM-chT"]
[Site "Eforie Nord"]
[Date "1997.??.??"]
[Round "?"]
[White "Reicher, Emanoil-George"]
[Black "Navrotescu , Catalin"]
[Result "1/2-1/2"]
[WhiteElo "2315"]
[BlackElo "2425"]
[PlyCount "69"]
[EventDate "1997.09.??"]
[EventType "team"]
[EventRounds "9"]
[EventCountry "ROM"]

1. Nf3 Nf6 2. g3 g6 3. Bg2 Bg7 4. O-O O-O 5. d4 d6 6. Nc3 d5 7. Ne5 c6 8. f4
Nbd7 9. a4 a5 10. h3 Ne8 11. e4 dxe4 12. Nxe4 Nd6 13. Kh2 Nxe4 14. Bxe4 Qc7 15.
Qe2 Nf6 16. Bg2 Be6 17. b3 Bd5 18. Ba3 Rfd8 19. Rad1 Bxg2 20. Kxg2 Nd5 21. Bb2
e6 22. Qf3 Re8 23. c4 Nb4 24. Rd2 Rad8 25. Rfd1 Rd6 26. Bc3 b6 27. h4 h5 28. g4
hxg4 29. Qxg4 Red8 30. h5 gxh5 31. Qxh5 c5 32. dxc5 Rxd2+ 33. Rxd2 Rxd2+ 34.
Bxd2 bxc5 35. Kg3 1/2-1/2

[Event "Predeal op"]
[Site "Predeal"]
[Date "1997.??.??"]
[Round "1"]
[White "Ardeleanu, Alin"]
[Black "Navrotescu , Catalin"]
[Result "1/2-1/2"]
[WhiteElo "2420"]
[BlackElo "2430"]
[PlyCount "50"]
[EventDate "1997.??.??"]
[EventType "swiss"]
[EventRounds "5"]
[EventCountry "ROM"]
[Source "ChessBase"]
[SourceDate "2001.11.25"]

1. e4 c5 2. Nf3 d6 3. d4 cxd4 4. Nxd4 Nf6 5. Nc3 a6 6. Bc4 e6 7. Bb3 Nc6 8. Be3
Be7 9. Qe2 O-O 10. O-O-O Nd7 11. g4 Nc5 12. Rhg1 Bd7 13. Kb1 Nxb3 14. cxb3 b5
15. Nf5 exf5 16. gxf5 Kh8 17. Nd5 Rg8 18. Rg3 g6 19. f6 Bf8 20. Rdg1 Be6 21.
Qh5 Ne5 22. Qh4 Nd7 23. Bg5 Nc5 24. f3 Rc8 25. b4 Na4 1/2-1/2

[Event "Predeal op"]
[Site "Predeal"]
[Date "1997.??.??"]
[Round "2"]
[White "Navrotescu , Catalin"]
[Black "Nevednichy, Vladislav"]
[Result "0-1"]
[WhiteElo "2430"]
[BlackElo "2535"]
[PlyCount "82"]
[EventDate "1997.??.??"]
[EventType "swiss"]
[EventRounds "5"]
[EventCountry "ROM"]
[Source "ChessBase"]
[SourceDate "2001.11.25"]

1. d4 Nf6 2. Nf3 g6 3. g3 Bg7 4. Bg2 O-O 5. O-O d6 6. c4 Nc6 7. d5 Na5 8. Qa4
c5 9. Bd2 b6 10. Bc3 Rb8 11. Nbd2 e5 12. e4 Ne8 13. Rfe1 f5 14. exf5 gxf5 15.
Qc2 Bf6 16. a3 Ng7 17. b4 Nb7 18. Nb3 Qc7 19. Nfd2 Bd7 20. Qb2 cxb4 21. axb4 a5
22. Qc2 axb4 23. Bxb4 Ra8 24. Rxa8 Rxa8 25. Ra1 Rxa1+ 26. Nxa1 Nc5 27. Nab3 Ba4
28. Qa2 Bxb3 29. Nxb3 Kf7 30. Bf1 e4 31. Bd2 Nxb3 32. Qxb3 Bd4 33. Be3 Qc5 34.
Be2 Kg6 35. Kg2 Bxe3 36. fxe3 Ne8 37. Kf2 Nf6 38. Qa4 h5 39. Qa8 h4 40. gxh4 f4
41. h5+ Kg5 0-1

[Event "Predeal op"]
[Site "Predeal"]
[Date "1997.??.??"]
[Round "3"]
[White "Lupu, Mircea Sergiu"]
[Black "Navrotescu , Catalin"]
[Result "1/2-1/2"]
[WhiteElo "2475"]
[BlackElo "2430"]
[PlyCount "47"]
[EventDate "1997.??.??"]
[EventType "swiss"]
[EventRounds "5"]
[EventCountry "ROM"]
[Source "ChessBase"]
[SourceDate "2001.11.25"]

1. g3 g6 2. Bg2 Bg7 3. c4 Nf6 4. Nc3 O-O 5. e3 Nc6 6. Nge2 a6 7. O-O Rb8 8. d3
e6 9. b3 b5 10. Bb2 Na5 11. cxb5 axb5 12. b4 Nc6 13. a3 Bb7 14. Qc2 Na7 15. e4
d6 16. Nd4 Qd7 17. Nb3 Nc8 18. Rfd1 Ne7 19. d4 Ba8 20. Rac1 Rbc8 21. Qe2 Rfe8
22. Bf3 c6 23. e5 Nfd5 24. Ne4 {...} 1/2-1/2

[Event "Predeal op"]
[Site "Predeal"]
[Date "1997.??.??"]
[Round "4"]
[White "Navrotescu , Catalin"]
[Black "Marin , Mihail"]
[Result "1/2-1/2"]
[WhiteElo "2430"]
[BlackElo "2545"]
[PlyCount "34"]
[EventDate "1997.??.??"]
[EventType "swiss"]
[EventRounds "5"]
[EventCountry "ROM"]
[Source "ChessBase"]
[SourceDate "2001.11.25"]

1. d4 Nf6 2. c4 e6 3. Nc3 Bb4 4. e3 b6 5. Bd3 Bb7 6. Nf3 Ne4 7. O-O f5 8. Ne2
O-O 9. Ng3 Bd6 10. Qc2 Bxg3 11. hxg3 Nc6 12. Bd2 Ne7 13. Bc3 Qe8 14. Rfd1 d6
15. Be1 Kh8 16. Nd2 Qg6 17. Nf1 Ng8 1/2-1/2

[Event "Budapest FS03 IM"]
[Site "Budapest"]
[Date "1996.??.??"]
[Round "1"]
[White "Jovanovic, Sasa D"]
[Black "Navrotescu , Catalin"]
[Result "1/2-1/2"]
[WhiteElo "2300"]
[BlackElo "2370"]
[PlyCount "89"]
[EventDate "1996.03.??"]
[EventType "tourn"]
[EventRounds "13"]
[EventCountry "HUN"]
[EventCategory "3"]
[Source "ChessBase"]

1. e4 c5 2. Nf3 d6 3. d4 cxd4 4. Nxd4 Nf6 5. Nc3 a6 6. Be3 e5 7. Nb3 Be6 8. Qd2
Nbd7 9. f3 b5 10. g4 Be7 11. g5 Nh5 12. O-O-O O-O 13. Nd5 Bxd5 14. exd5 b4 15.
Kb1 a5 16. Bb5 Nb8 17. Rhg1 a4 18. Nc1 Qa5 19. Bc6 Nxc6 20. dxc6 Rfb8 21. Rg4
Rb5 22. Nd3 a3 23. b3 d5 24. Nxe5 d4 25. Bxd4 Rxe5 26. Bxe5 Qxe5 27. Rd4 Bc5
28. f4 Qxd4 29. Qxd4 Bxd4 30. Rxd4 Kf8 31. c3 bxc3 32. b4 g6 33. b5 Rc8 34. Kc2
Ng7 35. Kxc3 Ne6 36. Rd7 Ke8 37. Kc4 Nxf4 38. Kc5 Ne6+ 39. Kd6 Rb8 40. Rb7 Rd8+
41. Ke5 Rd2 42. Rb8+ Rd8 43. Rb7 Rd2 44. Rb8+ Rd8 45. Rb7 1/2-1/2

[Event "Budapest FS03 IM"]
[Site "Budapest"]
[Date "1996.??.??"]
[Round "2"]
[White "Navrotescu , Catalin"]
[Black "Nishimura, Hiroyuki"]
[Result "1-0"]
[WhiteElo "2370"]
[BlackElo "2325"]
[PlyCount "75"]
[EventDate "1996.03.??"]
[EventType "tourn"]
[EventRounds "13"]
[EventCountry "HUN"]
[EventCategory "3"]
[Source "ChessBase"]

1. d4 Nf6 2. c4 e6 3. g3 Bb4+ 4. Bd2 a5 5. Bg2 d6 6. Nf3 O-O 7. O-O Bxd2 8.
Qxd2 Nc6 9. Nc3 Qe7 10. e4 e5 11. d5 Nb8 12. Ne1 Na6 13. Nc2 Nc5 14. Rae1 Bg4
15. f4 Bd7 16. h3 Nh5 17. Re3 Rfe8 18. f5 Qg5 19. Qf2 Rab8 20. h4 Qe7 21. Bf3
Nf6 22. g4 Rf8 23. g5 Ne8 24. Be2 f6 25. Rg3 c6 26. Qg2 Nc7 27. Ne3 Kh8 28. Kh2
b5 29. dxc6 Bxc6 30. cxb5 Nxb5 31. Bxb5 Bxb5 32. Rg1 fxg5 33. hxg5 Nd3 34. Ned5
Qb7 35. Rh3 Bc4 36. b3 Bxd5 37. Nxd5 Kg8 38. Rxd3 1-0

[Event "Budapest FS03 IM"]
[Site "Budapest"]
[Date "1996.??.??"]
[Round "3"]
[White "Borsavolgyi, Tamas"]
[Black "Navrotescu , Catalin"]
[Result "0-1"]
[WhiteElo "2375"]
[BlackElo "2370"]
[PlyCount "118"]
[EventDate "1996.03.??"]
[EventType "tourn"]
[EventRounds "13"]
[EventCountry "HUN"]
[EventCategory "3"]
[Source "ChessBase"]

1. e4 c5 2. Nf3 d6 3. Nc3 Nf6 4. e5 dxe5 5. Nxe5 e6 6. Qf3 a6 7. Bd3 Be7 8. O-O
O-O 9. Re1 Qc7 10. b3 Nbd7 11. Nxd7 Bxd7 12. a4 Bc6 13. Qh3 g6 14. Bb2 Nh5 15.
Qe3 Rad8 16. Ne2 Rd5 17. g3 Bg5 18. f4 Bf6 19. Bxf6 Nxf6 20. Nc3 Rd4 21. Qe5
Qe7 22. Qe2 Rfd8 23. Nd1 Qd7 24. Ne3 b5 25. axb5 axb5 26. Ra6 Rb8 27. Rea1 Nd5
28. Ng4 Bb7 29. Ra7 c4 30. bxc4 bxc4 31. Bxc4 h5 32. Ne5 Qd6 33. c3 Nxf4 34.
gxf4 Rxd2 35. Qe3 Rg2+ 36. Kf1 Rxh2 37. Qd4 Qe7 38. Qd7 Qf6 39. Qd4 Qh4 40.
Rxb7 Rh1+ 41. Ke2 Qh2+ 42. Qf2 Rxb7 43. Ra8+ Kg7 44. Qxh2 Rxh2+ 45. Ke3 Rc7 46.
Kd4 h4 47. Bd3 h3 48. Ra1 Rf2 49. Ke3 Rb2 50. c4 Rb3 51. Rh1 f6 52. Nf3 Rxc4
53. Nd4 Ra3 54. Nxe6+ Kf7 55. f5 Rcc3 56. Nc5 gxf5 57. Kd4 Rxc5 58. Kxc5 Rxd3
59. Kc4 Rg3 0-1

[Event "Budapest FS03 IM"]
[Site "Budapest"]
[Date "1996.??.??"]
[Round "4"]
[White "Navrotescu , Catalin"]
[Black "Stillger, Bernhard"]
[Result "1-0"]
[WhiteElo "2370"]
[BlackElo "2310"]
[PlyCount "83"]
[EventDate "1996.03.??"]
[EventType "tourn"]
[EventRounds "13"]
[EventCountry "HUN"]
[EventCategory "3"]
[Source "ChessBase"]

1. d4 Nf6 2. c4 g6 3. g3 c6 4. Bg2 d5 5. Nf3 dxc4 6. O-O Bg7 7. a4 O-O 8. Na3
Na6 9. Nxc4 Be6 10. b3 Bd5 11. Ba3 Rc8 12. Rc1 Re8 13. Bh3 Rb8 14. Nfe5 Nc7 15.
e3 Be6 16. Bg2 Bd5 17. Qe2 Bxg2 18. Kxg2 Nd7 19. Nf3 Ne6 20. Rfd1 b5 21. axb5
cxb5 22. Ncd2 b4 23. Bb2 Nb6 24. Ne4 Nd5 25. Nc5 Qb6 26. Nd7 Qb5 27. Qxb5 Rxb5
28. Nde5 a5 29. Rc6 a4 30. bxa4 Ra5 31. e4 Nf6 32. d5 Nf8 33. Rc4 Rxa4 34. Nc6
Nxd5 35. exd5 Bxb2 36. Re4 f5 37. Nxe7+ Kf7 38. Ng5+ Kf6 39. Ng8+ Kxg5 40. h4+
Kh5 41. Rxe8 Bg7 42. d6 1-0

[Event "Budapest FS03 IM"]
[Site "Budapest"]
[Date "1996.??.??"]
[Round "5"]
[White "Horvath, Gabor"]
[Black "Navrotescu , Catalin"]
[Result "1-0"]
[WhiteElo "2275"]
[BlackElo "2370"]
[PlyCount "51"]
[EventDate "1996.03.??"]
[EventType "tourn"]
[EventRounds "13"]
[EventCountry "HUN"]
[EventCategory "3"]
[Source "ChessBase"]

1. e4 c5 2. Nc3 Nc6 3. f4 g6 4. Nf3 Bg7 5. Bc4 e6 6. f5 Nge7 7. fxe6 fxe6 8.
O-O d5 9. Bb5 O-O 10. Bxc6 Nxc6 11. d3 d4 12. Nb1 Bd7 13. a4 a6 14. Bg5 Qc7 15.
Nbd2 b5 16. Qe1 h6 17. Qh4 Kh7 18. axb5 Nb4 19. Be7 Rfe8 20. b6 Qxb6 21. Nc4
Qc7 22. Ng5+ Kg8 23. Nf7 Rxe7 24. Qxe7 Nxc2 25. Nxh6+ Bxh6 26. Qf7+ 1-0

[Event "Budapest FS03 IM"]
[Site "Budapest"]
[Date "1996.??.??"]
[Round "7"]
[White "Navrotescu , Catalin"]
[Black "Kahn, Evarth"]
[Result "0-1"]
[WhiteElo "2370"]
[BlackElo "2315"]
[PlyCount "48"]
[EventDate "1996.03.??"]
[EventType "tourn"]
[EventRounds "13"]
[EventCountry "HUN"]
[EventCategory "3"]
[Source "ChessBase"]

1. d4 Nf6 2. c4 g6 3. g3 Bg7 4. Bg2 O-O 5. Nc3 d6 6. Nf3 c6 7. O-O Qa5 8. e4
Bg4 9. h3 Bxf3 10. Bxf3 Nfd7 11. Be3 Qb4 12. Qd3 Qxb2 13. Rab1 Qa3 14. Rxb7 Nb6
15. Rb1 Qa6 16. Rxe7 Bf6 17. Rc7 Bd8 18. Nb5 cxb5 19. cxb5 Qxa2 20. Rc3 N8d7
21. Rc6 Be7 22. Bd1 Qe6 23. Kh2 Nf6 24. Bf3 Qd7 0-1

[Event "Budapest FS03 IM"]
[Site "Budapest"]
[Date "1996.??.??"]
[Round "9"]
[White "Navrotescu , Catalin"]
[Black "Frolov, Denis"]
[Result "1/2-1/2"]
[WhiteElo "2370"]
[BlackElo "2340"]
[PlyCount "47"]
[EventDate "1996.03.??"]
[EventType "tourn"]
[EventRounds "13"]
[EventCountry "HUN"]
[EventCategory "3"]
[Source "ChessBase"]

1. d4 Nf6 2. c4 g6 3. g3 Bg7 4. Bg2 d6 5. Nf3 O-O 6. O-O Nbd7 7. Nc3 e5 8. e4
exd4 9. Nxd4 Nc5 10. h3 Re8 11. Re1 a5 12. Nb3 Nfd7 13. Be3 Ne5 14. Nxc5 dxc5
15. Qxd8 Rxd8 16. Nd5 Nxc4 17. Bxc5 Bxb2 18. Rab1 Be6 19. Re2 Be5 20. Rxb7 Rdb8
21. Rxb8+ Rxb8 22. Rc2 Rb1+ 23. Kh2 Nb6 24. f4 1/2-1/2

[Event "Budapest FS03 IM"]
[Site "Budapest"]
[Date "1996.??.??"]
[Round "10"]
[White "Szabo, Zsolt Jozsef"]
[Black "Navrotescu , Catalin"]
[Result "1/2-1/2"]
[WhiteElo "2370"]
[BlackElo "2370"]
[PlyCount "20"]
[EventDate "1996.03.??"]
[EventType "tourn"]
[EventRounds "13"]
[EventCountry "HUN"]
[EventCategory "3"]
[Source "ChessBase"]

1. d4 Nf6 2. c4 g6 3. Nc3 Bg7 4. Bg5 O-O 5. e3 d6 6. Nf3 h6 7. Bh4 g5 8. Bg3
Nh5 9. Nd2 Nxg3 10. hxg3 f5 1/2-1/2

[Event "Budapest FS03 IM"]
[Site "Budapest"]
[Date "1996.??.??"]
[Round "11"]
[White "Navrotescu , Catalin"]
[Black "Molnar, Bela"]
[Result "1/2-1/2"]
[WhiteElo "2370"]
[BlackElo "2360"]
[PlyCount "81"]
[EventDate "1996.03.??"]
[EventType "tourn"]
[EventRounds "13"]
[EventCountry "HUN"]
[EventCategory "3"]
[Source "ChessBase"]

1. d4 Nf6 2. c4 g6 3. Nf3 Bg7 4. g3 O-O 5. Bg2 d6 6. O-O Nc6 7. d5 Na5 8. Nfd2
c5 9. Nc3 a6 10. Qc2 Rb8 11. b3 b5 12. Bb2 e6 13. Rae1 Bd7 14. Nd1 bxc4 15.
bxc4 exd5 16. cxd5 Re8 17. Bc3 Bb5 18. Bf3 Bh6 19. Nb2 Bd7 20. Rb1 Bf5 21. e4
Bxd2 22. Qxd2 Nxe4 23. Bxe4 Bxe4 24. Bxa5 Qf6 25. Rbe1 Rxb2 26. Bc3 Rxd2 27.
Bxf6 Kf8 28. Bg5 Rxd5 29. Bh6+ Kg8 30. f3 Rh5 31. Bf4 Bc6 32. Rxe8+ Bxe8 33.
Rd1 c4 34. Rxd6 Bb5 35. g4 Rc5 36. Rd8+ Kg7 37. Bd6 Rc6 38. g5 f5 39. Be5+ Kf7
40. Bc3 Rc7 41. Rd6 1/2-1/2

[Event "Decin op"]
[Site "Decin"]
[Date "1996.??.??"]
[Round "1"]
[White "Navrotescu , Catalin"]
[Black "Ondrejat, Miroslav"]
[Result "1-0"]
[WhiteElo "2375"]
[BlackElo "2135"]
[PlyCount "77"]
[EventDate "1996.??.??"]
[EventRounds "9"]
[EventCountry "CZE"]
[Source "ChessBase"]

1. d4 Nf6 2. c4 g6 3. g3 Bg7 4. Bg2 O-O 5. Nc3 d6 6. Nf3 Nbd7 7. O-O e5 8. e4
exd4 9. Nxd4 Nc5 10. h3 Re8 11. Re1 a5 12. b3 Bd7 13. Kh2 Rb8 14. Rb1 Ne6 15.
Ndb5 Bc6 16. Be3 Nd7 17. Qc2 Ndc5 18. Rbd1 Bxb5 19. Nxb5 h5 20. f4 h4 21. g4
Qe7 22. Qd2 g5 23. fxg5 Be5+ 24. Kg1 Rf8 25. Rf1 f6 26. gxf6 Rxf6 27. Rf5 Rbf8
28. Rdf1 Ng7 29. Rxf6 Rxf6 30. Rxf6 Bxf6 31. Qxa5 Nge6 32. Qd2 Be5 33. b4 c6
34. bxc5 cxb5 35. cxd6 Bxd6 36. cxb5 Nc5 37. Qd5+ Kf8 38. e5 Qxe5 39. Qxe5 1-0

[Event "Decin op"]
[Site "Decin"]
[Date "1996.??.??"]
[Round "2"]
[White "Navrotescu , Catalin"]
[Black "Sherbakov, Ruslan"]
[Result "0-1"]
[WhiteElo "2375"]
[BlackElo "2555"]
[PlyCount "77"]
[EventDate "1996.??.??"]
[EventRounds "9"]
[EventCountry "CZE"]
[Source "ChessBase"]

1. d4 d5 2. c4 e6 3. Nf3 c6 4. Nc3 dxc4 5. e3 b5 6. a4 Bb4 7. Bd2 a5 8. axb5
Bxc3 9. Bxc3 cxb5 10. b3 Bb7 11. d5 Nf6 12. bxc4 b4 13. Bxf6 Qxf6 14. Qa4+ Nd7
15. Nd4 e5 16. Nb3 Ke7 17. Be2 Rhc8 18. f4 Qb6 19. O-O Qxe3+ 20. Rf2 e4 21. Qb5
Qb6 22. d6+ Ke8 23. Rxa5 Rxa5 24. Qxa5 Qxd6 25. c5 Nxc5 26. Qxb4 Qe7 27. Nxc5
Rxc5 28. Bf1 Rc7 29. Qxe7+ Kxe7 30. Rb2 Bd5 31. Kf2 Rc3 32. g3 e3+ 33. Kg1 Ke6
34. Rb1 Kf5 35. Be2 Rc2 36. Rd1 Rd2 37. Re1 Ba2 38. Rc1 Rd4 39. Rd1 0-1

[Event "Decin op"]
[Site "Decin"]
[Date "1996.??.??"]
[Round "4"]
[White "Moroz, Alexander"]
[Black "Navrotescu , Catalin"]
[Result "1-0"]
[WhiteElo "2500"]
[BlackElo "2375"]
[PlyCount "87"]
[EventDate "1996.??.??"]
[EventRounds "9"]
[EventCountry "CZE"]
[Source "ChessBase"]

1. e4 c5 2. Nf3 d6 3. d4 cxd4 4. Nxd4 Nf6 5. Nc3 a6 6. a4 e5 7. Nf3 Be7 8. Bc4
O-O 9. O-O Nc6 10. Re1 Bg4 11. h3 Bh5 12. Nd5 Nxd5 13. Bxd5 Rc8 14. c3 Qd7 15.
Qd3 Qc7 16. Nd2 Nd8 17. Nc4 Ne6 18. g4 Bg6 19. a5 h6 20. Nb6 Rcd8 21. Bb3 Bg5
22. Nd5 Qc5 23. Be3 Bxe3 24. Qxe3 Kh8 25. Bc2 f6 26. b4 Qxe3 27. Rxe3 Nf4 28.
Bb3 Bf7 29. Rd1 Rc8 30. Kh2 Rc6 31. Rd2 Be6 32. c4 Bxd5 33. exd5 Rcc8 34. Rc3
Rfd8 35. c5 dxc5 36. Rxc5 Rb8 37. d6 b6 38. axb6 Rxb6 39. d7 Rbb8 40. Bc4 Kh7
41. Bxa6 Rxb4 42. Rc8 Ne6 43. Rd6 Rb2 44. Bd3+ 1-0

[Event "Decin op"]
[Site "Decin"]
[Date "1996.??.??"]
[Round "5"]
[White "Navrotescu , Catalin"]
[Black "Sakovich, Igor"]
[Result "1-0"]
[WhiteElo "2375"]
[BlackElo "2265"]
[PlyCount "79"]
[EventDate "1996.??.??"]
[EventRounds "9"]
[EventCountry "CZE"]
[Source "ChessBase"]

1. d4 d5 2. c4 Bf5 3. Nc3 e6 4. Bf4 c6 5. e3 Qb6 6. Qc1 Nf6 7. Nf3 h6 8. Be2
Nbd7 9. h3 Be7 10. c5 Qd8 11. b4 Ne4 12. Nxe4 Bxe4 13. O-O a6 14. Nd2 Bg6 15.
a4 O-O 16. Bg3 Re8 17. Nb3 Bf8 18. Qc3 f6 19. b5 axb5 20. axb5 e5 21. Rxa8 Qxa8
22. Ra1 Qc8 23. Bf3 Bf7 24. b6 exd4 25. exd4 f5 26. Ra7 Nf6 27. Na5 Re7 28. Bc7
Ne8 29. Be5 g6 30. Be2 Bg7 31. Nxb7 Bxe5 32. dxe5 Qb8 33. Na5 Re6 34. f4 g5 35.
g3 gxf4 36. gxf4 Rg6+ 37. Kh2 Nf6 38. Nxc6 Ng4+ 39. Bxg4 Rxc6 40. Bxf5 1-0